000 00775nam a2200241 a 4500
999 _c10871
_d10871
001 10871
003 BD-JhCC
005 20211007134021.0
008 190522b20182012bd ||||| a||| 00| 0 en d
020 _a9847009601890
035 _a(BD-JhCC)10871
040 _aBD-JhCC
_dBD-JhCC
041 _aben
082 _bBAN 2018
_a510.76
245 _aবাংলাদেশ গণিত অলিম্পিয়াডের যত প্রশ্ন /
_cসম্পাদনায় মুনির হাসান
260 _aঢাকা,
_bতাম্রলিপি;
_c2018.
300 _a328 p. :
_c21 cm.
650 _aMathematics
650 _aMathematics Olympiad
700 _aহাসান, মুনির
942 _2ddc
_cBK
_03